000 03007nam a2200481Ia 4500
001 dia_5389
003 CHAP
005 20240415101103.0
007 ta
008 220117s2013 mx bdeof 001 0 spa d
040 _amxchpua
_cCHAP
090 _aT.C.620
_bC68 EIUPA
_c2013
245 1 0 _aPropuesta para el establecimiento de una planta envasadora de miel y subproductos Tzucacab, Yucatán /
_ccoordinadores Ignacio Covarrubias Gutiérrez y Vicente López Bautista ; colaboradores Yareli Benítez Guzmán...[y otros]
260 _aMéxico :
_bEl autor,
_c2013
300 _aiv, 54 hojas :
_bilustraciones, diagramas, tablas, gráficas, mapas, planos, fotos
336 _2rdacontent
_atexto
_btxt
337 _2rdamedia
_ano mediado
_bn
338 _2rdacarrier
_avolumen
_bnc
500 _aGrado: 7° año Grupo: 02
502 _aViaje de estudios
_b(EIUPA) --
_cUACh. Departamento de Ingeniería Agroindustrial,
_d2013
504 _aBibliografía: hoja 54
505 0 0 _aContiene 8 planos: -- 1.Plano de distribución de áreas (Esc. 1:75) -- 2. Plano de distribución de maquinaria y equipo (Esc. 1:75) -- 3. Plano de corte de planta y oficina (Esc. 1:75) -- 4. Plano de fachada y oficina (Esc. 1:75) -- 5. Isométrico de gas y agua (Esc. 1:75) -- 6. Plano de iluminación (Esc. 1:75) -- 7. Plano de motores eléctricos (Esc. 1:75) -- 8. Diagrama de flujo de miel
650 1 3 _aMiel de abejas
_9158470
_zMéxico
_zYucatán
650 1 3 _aHoney
_9158469
_zMexico
_zYucatán
700 1 _aCovarrubias Gutiérrez, Ignacio
_928697
_ecoordinador
700 1 _aLópez Bautista, Vicente
_9147030
_ecoordinador
700 1 _aBenítez Guzmán, Yareli
_9133218
_ecolaboradora
856 4 2 _uhttp://10.13.5.2/ve/TC620EIUPA/TC620EIUPA2013-REPORTE.pdf
_yDESCARGAR REPORTE
856 4 2 _uhttp://10.13.5.2/ve/TC620EIUPA/TC620EIUPA2013-PLANO-FACHADADEMIEL.pdf
_yDESCARGAR PLANO FACHADA DE MIEL
856 4 2 _uhttp://10.13.5.2/ve/TC620EIUPA/TC620EIUPA2013-PLANO-DISTRIBUCIONDEAREADEMIEL.pdf
_yDESCARGAR PLANO DE DISTRIBUCIÓN DE ÁREAS DE MIEL
856 4 2 _uhttp://10.13.5.2/ve/TC620EIUPA/TC620EIUPA2013-PLANO-CORTEDEMIEL.pdf
_yDESCARGAR PLANO DE CORTE DE MIEL
856 4 2 _uhttp://10.13.5.2/ve/TC620EIUPA/TC620EIUPA2013-PLANO-ISOMETRICOENVASADORADEMIEL.2007DWG.pdf
_yDESCARGAR PLANO ISIMETRICO EN ENVASADO DE MIEL
856 4 2 _uhttp://10.13.5.2/ve/TC620EIUPA/TC620EIUPA2013-PLANO-DIAGRAMADEFLUJODEMIEL.pdf
_yDESCARGAR PLANO DE DIAGRAMA DE FLUJO E MIEL
856 4 2 _uhttp://10.13.5.2/ve/TC620EIUPA/TC620EIUPA2013-PLANO-ILUMINACION.pdf
_yDESCARGAR PLANO DE ILUMINACIÓN
856 4 2 _uhttp://10.13.5.2/ve/TC620EIUPA/TC620EIUPA2013-PLANO-DISTRIBUCIONDEEQUIPO.pdf
_yDESCARGAR PLANO DE DISTRIBUCIÓN DE EQUIPO
856 4 2 _uhttp://10.13.5.2/ve/TC620EIUPA/TC620EIUPA2013-PLANO-MOTORES.pdf
_yDESCARGAR PLANO DE MOTORES
901 _aT.C.620 C68 EIUPA 2013
902 _aM
905 _a5232272013 mx eadl8223223322spa16
942 _2local
942 _cVE
999 _c176308
_d176308